000 00745cas a22002415a 4500
001 L136496
008 070205c2006 xxkbr p a eng u
022 1 _a1754-9094 (Print)
022 1 _a1754-9108 (Online)
035 _a(Sirsi) u136496
041 0 _aeng
110 2 _aRoyal Institution of Chartered Surveyors
_bLand Consultancy Group
_94506
240 0 _aRICS Land Journal
245 0 4 _aThe Journal
_bRICS Land
260 _aLondon
_bRICS
_c2006-
362 0 _aJuly/August 2006-
554 _aSix per year
651 4 _aUnited Kingdom
_y
690 _aENVIRONMENTAL AND LAND CONSULTANCY
780 0 0 _tRural Professional
856 4 1 _uhttps://www.rics.org/landjournal
_zView the journal free of charge at www.rics.org
942 _n0
999 _c118874
_d118874